| 000 | 00660nam a2200217Ia 4500 | ||
|---|---|---|---|
| 005 | 20241129110025.0 | ||
| 008 | 241129s9999||||xx |||||||||||||| ||und|| | ||
| 020 | _a978-1-80073-615-3 | ||
| 037 | _aTB | ||
| 040 |
_aARTS _beng _cARTS |
||
| 041 |
_aeng _2eng |
||
| 084 |
_aV1:71 R2 _qARTS |
||
| 100 |
_aWestmont V.Camille Ed. _9726926 |
||
| 245 | 0 |
_aCritical public archaeology: confronting social challenges in the 21st century _cWestmont V.Camille Ed. |
|
| 260 |
_aNew York, USA _bBerghahn _c2022 |
||
| 300 | _aix,241p. | ||
| 365 |
_aUKP _b96 |
||
| 650 |
_aWorld-HistoryArcheology _9726927 |
||
| 942 |
_cTB _hV1:71 R2 |
||
| 999 |
_c1227034 _d1227034 |
||